| 000 | 00988nam a22003017a 4500 | ||
|---|---|---|---|
| 001 | 5141 | ||
| 003 | FISKH | ||
| 005 | 20241107124006.0 | ||
| 008 | 241107b cb ||||| |||| 00| 0 eng d | ||
| 020 | _a9780439416825 | ||
| 040 |
_aFISKH _beng _cFISKH _dFISKH |
||
| 050 | _aPZ7.H4315 | ||
| 082 | _a813.54 | ||
| 100 |
_aHerman, Gail _d(1959-) |
||
| 245 |
_aThe big white ghost / _cAdapted by Gail Herman From the television script "Boo!" by Lois Becker and Mark Stratton Illustrated by |
||
| 250 | _aFirst printing in 2003 | ||
| 260 |
_aNew York : _bScholastic, _c2003. |
||
| 300 |
_a30 pages : _bColor illustrations ; _c23 cm |
||
| 505 | _aG | ||
| 520 | _aClifford gives everyone a scare on Halloween when he is accidently mistaken for the ghost dog of Birdwell Island. | ||
| 521 | 8 |
_a410L
_bLexile |
|
| 521 | 8 |
_aG
_bRaz-Plus |
|
| 650 |
_2Halloween _aGhosts |
||
| 650 |
_2Fiction _aGhosts |
||
| 700 |
_aEdwards, Ken _dIllustrator |
||
| 942 |
_2ddc _cBK _n0 |
||
| 999 |
_c5141 _d5141 |
||